书目信息 |
| 题名: |
新编病虫害防治手册
|
|
| 作者: | 朱国人等 编著 | |
| 分册: | ||
| 出版信息: | 北京 金盾出版社 1990 |
|
| 页数: | 200 | |
| 开本: | 20cm | |
| 丛书名: | ||
| 单 册: | ||
| 中图分类: | S43 | |
| 科图分类: | ||
| 主题词: | 植物--病虫害 , 植物--病虫害防治方法 | |
| 电子资源: | ||
| ISBN: | 7-80022-908-4 | |
| 000 | 00610nam0 2200205 450 | |
| 001 | 0754114953 | |
| 005 | 20070929150154.95 | |
| 010 | @a7-80022-908-4@dCNY4.30 | |
| 100 | @a20070929d km y0chiy0120 ea | |
| 101 | 0 | @achi |
| 200 | 1 | @a新编病虫害防治手册@Axin bian bing chong hai fang zhi shou ce@f朱国人等 编著@Fzhu guo ren deng bian zhu |
| 205 | @a2版 | |
| 210 | @a北京@c金盾出版社@d1990 | |
| 215 | @a200@c彩图@d20cm | |
| 606 | 0 | @a植物@x病虫害 |
| 606 | 0 | @a植物@x病虫害防治方法 |
| 690 | @aS43@v3 | |
| 701 | 0 | @a朱国人等@Azhu guo ren deng@4编著 |
| 801 | 0 | @aCN@bPFT@c20070929 |
| 905 | @a213230@dS43@eh3=2@f1 | |
| 新编病虫害防治手册/朱国人等 编著.-2版.-北京:金盾出版社,1990 |
| 200:彩图;20cm |
| ISBN 7-80022-908-4:CNY4.30 |
| ● |
| 相关链接 |
|
|
|
|
正题名:新编病虫害防治手册
索取号:S43/h3=2
 
预约/预借
| 序号 | 登录号 | 条形码 | 馆藏地/架位号 | 状态 | 备注 |
| 1 | 6000949 | 260009494 | 密集书库-化学系/ [索取号:S43/h3=2] | 在馆 |